000 00893nmc a2200337 a 4500
003 AR-BaBNM
005 20251128203821.0
008 011101s1981 ||||||||||||||000 | spa||
020 _a84-7046-078-1
040 _cAR-BaBNM
100 1 _aKellogg, Rhoda
245 1 0 _aAnálisis de la expresión plástica del preescolar
260 _aBuenos Aires
_bCincel
_c1981
300 0 _a308 p.
_bil.
490 0 _aBiblioteca de psicología y educación
500 0 _aContiene índice
504 _aBibliografía
650 4 _aARTE
650 4 _aPSICOLOGIA DEL NINO
650 4 _aEDUCACION ARTISTICA
650 4 _aMETODOS DE ENSENANZA
650 4 _aCREATIVIDAD
650 4 _aDIBUJO
650 4 _aTECNICAS DIDACTICAS
650 4 _aTALLERES ESCOLARES
650 4 _aROL DEL DOCENTE
653 0 _aEDUCACION PLASTICA
700 0 _aDiorki
_etraductor
942 _cBK
998 _claura
999 _c5027
_d5027